Conn's current therapy. (Record no. 16097)
[ view plain ]
| 000 -LEADER | |
|---|---|
| fixed length control field | 02091nam a22005777a 4500 |
| 001 - CONTROL NUMBER | |
| control field | 11289516 |
| 003 - CONTROL NUMBER IDENTIFIER | |
| control field | OSt |
| 005 - DATE AND TIME OF LATEST TRANSACTION | |
| control field | 20230124065428.0 |
| 008 - FIXED-LENGTH DATA ELEMENTS--GENERAL INFORMATION | |
| fixed length control field | 151215b xxu||||| |||| 00| 0 eng d |
| 010 ## - LIBRARY OF CONGRESS CONTROL NUMBER | |
| LC control number | 84647870 |
| Canceled/invalid LC control number | sc 84007914 |
| -- | sn 84011831 |
| 016 7# - NATIONAL BIBLIOGRAPHIC AGENCY CONTROL NUMBER | |
| Record control number | 8406641 |
| Source | DNLM |
| 016 7# - NATIONAL BIBLIOGRAPHIC AGENCY CONTROL NUMBER | |
| Record control number | C45730000 |
| Source | DNLM |
| 016 7# - NATIONAL BIBLIOGRAPHIC AGENCY CONTROL NUMBER | |
| Record control number | 012406082 |
| Source | Uk |
| 020 ## - INTERNATIONAL STANDARD BOOK NUMBER | |
| International Standard Book Number | 0721672256 |
| 022 0# - INTERNATIONAL STANDARD SERIAL NUMBER | |
| Source | 1 |
| 035 ## - SYSTEM CONTROL NUMBER | |
| System control number | (OCoLC)ocm10480383 |
| 040 ## - CATALOGING SOURCE | |
| Original cataloging agency | MMU |
| Transcribing agency | MMU |
| Language of cataloging | eng |
| Modifying agency | MMU |
| 042 ## - AUTHENTICATION CODE | |
| Authentication code | pcc |
| -- | nsdp |
| 050 00 - LIBRARY OF CONGRESS CALL NUMBER | |
| Classification number | RM101 |
| Item number | .C87 |
| 060 00 - NATIONAL LIBRARY OF MEDICINE CALL NUMBER | |
| Classification number | W1 |
| Item number | CO728H |
| 082 04 - DEWEY DECIMAL CLASSIFICATION NUMBER | |
| Classification number | 615.5/05 |
| Edition number | 19 |
| 222 #0 - KEY TITLE | |
| Key title | Conn's current therapy |
| 245 00 - TITLE STATEMENT | |
| Title | Conn's current therapy. |
| 260 ## - PUBLICATION, DISTRIBUTION, ETC. (IMPRINT) | |
| Place of publication, distribution, etc. | Philadelphia : |
| Name of publisher, distributor, etc. | W.B. Saunders, |
| Date of publication, distribution, etc. | 2000. |
| 300 ## - PHYSICAL DESCRIPTION | |
| Extent | xxii, 1284 p. : |
| Other physical details | ill. ; |
| 310 ## - CURRENT PUBLICATION FREQUENCY | |
| Current publication frequency | Annual |
| 500 ## - GENERAL NOTE | |
| General note | Editor: Robert E. Rakel. |
| 500 ## - GENERAL NOTE | |
| General note | Some issues also have distinctive titles. |
| 588 ## - SOURCE OF DESCRIPTION NOTE | |
| Source of description note | Latest issue consulted: 2006. |
| 590 ## - LOCAL NOTE (RLIN) | |
| Local note | SERBIB/SERLOC merged record |
| 650 #0 - SUBJECT ADDED ENTRY--TOPICAL TERM | |
| Topical term or geographic name as entry element | Therapeutics |
| Form subdivision | Handbooks, manuals, etc. |
| 650 #2 - SUBJECT ADDED ENTRY--TOPICAL TERM | |
| Topical term or geographic name as entry element | Medicine |
| Form subdivision | Periodicals. |
| 650 #2 - SUBJECT ADDED ENTRY--TOPICAL TERM | |
| Topical term or geographic name as entry element | Therapeutics |
| Form subdivision | Periodicals. |
| 650 #6 - SUBJECT ADDED ENTRY--TOPICAL TERM | |
| Topical term or geographic name as entry element | Thérapeutique |
| Form subdivision | Périodiques. |
| 650 #6 - SUBJECT ADDED ENTRY--TOPICAL TERM | |
| Topical term or geographic name as entry element | Thérapeutique chirurgicale |
| Form subdivision | Périodiques. |
| 650 #6 - SUBJECT ADDED ENTRY--TOPICAL TERM | |
| Topical term or geographic name as entry element | Médecine |
| General subdivision | Pratique |
| Form subdivision | Périodiques. |
| 650 17 - SUBJECT ADDED ENTRY--TOPICAL TERM | |
| Topical term or geographic name as entry element | Behandelingsmethoden. |
| Source of heading or term | gtt |
| 650 #7 - SUBJECT ADDED ENTRY--TOPICAL TERM | |
| Topical term or geographic name as entry element | Therapeutics. |
| Source of heading or term | fast |
| Authority record control number | (OCoLC)fst01149694 |
| 655 #7 - INDEX TERM--GENRE/FORM | |
| Genre/form data or focus term | Handbooks and manuals. |
| Source of term | fast |
| Authority record control number | (OCoLC)fst01423877 |
| 700 1# - ADDED ENTRY--PERSONAL NAME | |
| Personal name | Conn, Howard F. |
| Fuller form of name | (Howard Franklin), |
| Dates associated with a name | 1908-1982. |
| 700 1# - ADDED ENTRY--PERSONAL NAME | |
| Personal name | Rakel, Robert E. |
| 776 08 - ADDITIONAL PHYSICAL FORM ENTRY | |
| Relationship information | Online version: |
| Title | Conn's current therapy |
| Record control number | (OCoLC)607644275 |
| 780 00 - PRECEDING ENTRY | |
| Title | Current therapy |
| International Standard Serial Number | 0070-2102 |
| Record control number | (DLC) 49008328 |
| -- | (OCoLC)3915956 |
| 906 ## - LOCAL DATA ELEMENT F, LDF (RLIN) | |
| a | 7 |
| b | cbc |
| c | serials |
| d | 2 |
| e | ncip |
| f | 19 |
| g | n-oclcserc |
| 942 ## - ADDED ENTRY ELEMENTS (KOHA) | |
| Source of classification or shelving scheme | Library of Congress Classification |
| Koha item type | L |
| Withdrawn status | Lost status | Source of classification or shelving scheme | Damaged status | Not for loan | Home library | Current library | Date acquired | Source of acquisition | Total Checkouts | Full call number | Barcode | Date last seen | Price effective from | Koha item type |
|---|---|---|---|---|---|---|---|---|---|---|---|---|---|---|
| Library of Congress Classification | Maasai Mara University Library -Main Campus | Maasai Mara University Library -Main Campus | 12/15/2015 | Donation | RM 101.C87 2000 | 201515241 | 12/15/2015 | 12/15/2015 | L |